000 00433nam a2200157 4500
001 144962
003 ES-MaACL
005 20230906201133.0
007 t|
008 070214s1912 xxk r ||||1| eng d
100 1 _aSmith, Logan Pearsall.
_9106906
245 1 4 _aThe English language /
_cLogan Pearsall Smith.
260 _aLondon :
_bWilliam and Norgate,
_c[1912]
300 _a256 p. ;
_c17 x 10 cm.
852 _aES-MaACL
_jC-3120
999 _c144962
_d144962